Microwave Pulse Series Compression with Second Stage Cavity Being Transmission – Type One; 16th Symposium on High Current Electronics, September 19-24, 2010
| Parent link: | 16th Symposium on High Current Electronics, September 19-24, 2010.— 2010.— [P. 470-473] |
|---|---|
| Այլ հեղինակներ: | , , , , |
| Ամփոփում: | Title screen The S-band setup of microwave seriescompression contained the overmoded cavity as thefirst stage and the output transmission – type singlemode cavity. It was shown that under some conditionsthe system produces pulses of different pulsewidths, envelopes and power values exceeding thepower of first cavity output signal. Microwavepulses of 20…40 ns pulse width, 60…130 MWpulse power at 15…18 dB amplification were obtainedin the system test model. The envelopes canbe varied including the sine modulated exponentiallydecaying and Gaussian shapes. Режим доступа: по договору с организацией-держателем ресурса |
| Լեզու: | անգլերեն |
| Հրապարակվել է: |
2010
|
| Շարք: | High Pover Microwaves |
| Խորագրեր: | |
| Առցանց հասանելիություն: | http://www.hcei.tsc.ru/conf/2010/cat/proc_2010/shce/470-473.pdf |
| Ձևաչափ: | MixedMaterials Էլեկտրոնային Գրքի գլուխ |
| KOHA link: | https://koha.lib.tpu.ru/cgi-bin/koha/opac-detail.pl?biblionumber=637592 |
MARC
| LEADER | 00000naa0a2200000 4500 | ||
|---|---|---|---|
| 001 | 637592 | ||
| 005 | 20250528125940.0 | ||
| 035 | |a (RuTPU)RU\TPU\network\1744 | ||
| 090 | |a 637592 | ||
| 100 | |a 20140930d2010 k y0rusy50 ba | ||
| 101 | 0 | |a eng | |
| 102 | |a RU | ||
| 135 | |a drcn ---uucaa | ||
| 181 | 0 | |a i | |
| 182 | 0 | |a b | |
| 200 | 1 | |a Microwave Pulse Series Compression with Second Stage Cavity Being Transmission – Type One |f S. N. Artemenko [et al.] | |
| 203 | |a Text |c electronic | ||
| 225 | 1 | |a High Pover Microwaves | |
| 300 | |a Title screen | ||
| 320 | |a [References: р. 473 (3 tit.)] | ||
| 330 | |a The S-band setup of microwave seriescompression contained the overmoded cavity as thefirst stage and the output transmission – type singlemode cavity. It was shown that under some conditionsthe system produces pulses of different pulsewidths, envelopes and power values exceeding thepower of first cavity output signal. Microwavepulses of 20…40 ns pulse width, 60…130 MWpulse power at 15…18 dB amplification were obtainedin the system test model. The envelopes canbe varied including the sine modulated exponentiallydecaying and Gaussian shapes. | ||
| 333 | |a Режим доступа: по договору с организацией-держателем ресурса | ||
| 463 | |t 16th Symposium on High Current Electronics, September 19-24, 2010 |o Proceedings |f Institute of High Current Electronics |v [P. 470-473] |d 2010 | ||
| 610 | 1 | |a электронный ресурс | |
| 610 | 1 | |a труды учёных ТПУ | |
| 701 | 1 | |a Artemenko |b S. N. |c physicist |c Leading researcher of Tomsk Polytechnic University, Doctor of physical and mathematical science |f 1951- |g Sergey Nikolaevich |3 (RuTPU)RU\TPU\pers\31801 |9 15912 | |
| 701 | 1 | |a Avgustinovich |b V. A. |c radiophysicist |c Leading engineer of Tomsk Polytechnic University |f 1941- |g Vladimir Andreevich |3 (RuTPU)RU\TPU\pers\32425 |9 16374 | |
| 701 | 1 | |a Novikov |b S. A. |c specialist in electrical engineering |c Professor of Tomsk Polytechnic University, doctor of physical and mathematical sciences |f 1949- |g Sergey Avtonomovich |3 (RuTPU)RU\TPU\pers\32424 |9 16373 | |
| 701 | 1 | |a Chumerin |b P. Yu. |c physicist |c Senior researcher of Tomsk Polytechnic University, Doctor of physical and mathematical science |f 1958- |g Pavel Yurievich |3 (RuTPU)RU\TPU\pers\32716 |9 16601 | |
| 701 | 1 | |a Yushkov |b Y. G. |c electrophysicist |c Professor of Tomsk Polytechnic University, Doctor of technical sciences |f 1937- |g Yuri Georgievich |3 (RuTPU)RU\TPU\pers\25936 |9 11786 | |
| 801 | 2 | |a RU |b 63413507 |c 20151016 |g RCR | |
| 850 | |a 63413507 | ||
| 856 | 4 | |u http://www.hcei.tsc.ru/conf/2010/cat/proc_2010/shce/470-473.pdf | |
| 942 | |c CF | ||